BIOLOGY (Record no. 191687)

MARC details
000 -LEADER
fixed length control field 00513nam a2200181Ia 4500
003 - CONTROL NUMBER IDENTIFIER
control field OSt
005 - DATE AND TIME OF LATEST TRANSACTION
control field 20260219155757.0
020 ## - INTERNATIONAL STANDARD BOOK NUMBER
International Standard Book Number 978-0-13115291-2
040 ## - CATALOGING SOURCE
Transcribing agency LC
050 ## - LIBRARY OF CONGRESS CALL NUMBER
Classification number QH 308.7 .M 55 2004
100 ## - MAIN ENTRY--PERSONAL NAME
Personal name MILLER, KENNETH R
245 #0 - TITLE STATEMENT
Title BIOLOGY
260 ## - PUBLICATION, DISTRIBUTION, ETC.
Place of publication, distribution, etc. UPPER SADDLE RIVER, NEW JERSEY,
Name of publisher, distributor, etc. PEARSON PRENTICE HALL,
Date of publication, distribution, etc. 2004,
300 ## - PHYSICAL DESCRIPTION
Extent XXii, 1146 P, ILL
500 ## - GENERAL NOTE
General note INCLUDES BIBLIOGRAPHICAL REFERENCES AND INDEX
650 ## - SUBJECT ADDED ENTRY--TOPICAL TERM
Topical term or geographic name entry element Biology-Study and teaching, (Secondary)-Textbooks
942 ## - ADDED ENTRY ELEMENTS (KOHA)
Koha item type Long Loan Book
Source of classification or shelving scheme Library of Congress Classification
Holdings
Withdrawn status Lost status Source of classification or shelving scheme Damaged status Not for loan Home library Current library Shelving location Date acquired Inventory number Total checkouts Full call number Barcode Date last seen Copy number Price effective from Koha item type Total renewals Date last checked out
    Library of Congress Classification     Kisii University Library Kisii University Library On Display 09/15/2023 58162   QH 308.7 .M55 2004 034943 09/15/2023 C. 3 09/15/2023 Long Loan Book    
    Library of Congress Classification     Kisii University Library Kisii University Library On Display 09/15/2023 58165 3 QH 308.7 .M55 2004 014736 04/07/2025 C. 6 09/15/2023 Long Loan Book 1 03/24/2025
    Library of Congress Classification     Kisii University Library Kisii University Library On Display 09/15/2023 58168 3 QH 308.7 .M55 2004 014735 01/19/2026 C. 9 09/15/2023 Long Loan Book   01/05/2026
    Library of Congress Classification     Kisii University Library Kisii University Library On Display 09/15/2023 58163   QH 308.7 .M55 2004 000000009800 08/30/2024 C. 4 09/15/2023 Long Loan Book    
    Library of Congress Classification     Kisii University Library Kisii University Library On Display 09/15/2023 58161 4 QH 308.7 .M55 2004 034940 04/07/2026 C. 2 09/15/2023 Long Loan Book 1 03/13/2026
    Library of Congress Classification     Kisii University Library Kisii University Library On Display 09/15/2023 58164 1 QH 308.7 .M55 2004 014737 09/25/2025 5 09/15/2023 Long Loan Book   09/12/2025
    Library of Congress Classification     Kisii University Library Kisii University Library On Display 09/15/2023 58161 3 QH 308.7 .M55 2004 014738 12/01/2025 C. 1 09/15/2023 Long Loan Book   11/18/2025
    Library of Congress Classification     Kisii University Library Kisii University Library On Display 09/15/2023 58167 1 QH 308.7 .M55 2004 034944 10/28/2024 C. 8 09/15/2023 Long Loan Book   10/14/2024
    Library of Congress Classification     Kisii University Library Kisii University Library On Display 09/15/2023 58166 3 QH 308.7 .M55 2004 034942 02/18/2026 C. 7 09/15/2023 Long Loan Book   02/04/2026